Normal view MARC view
  • Perl, Anthony,

Entry Personal Name

Number of records used in: 24

001 - CONTROL NUMBER

  • control field: 851

003 - CONTROL NUMBER IDENTIFIER

  • control field: NUST

005 - DATE AND TIME OF LATEST TRANSACTION

  • control field: 20170516120008.0

008 - FIXED-LENGTH DATA ELEMENTS

  • fixed length control field: 170516|| aca||aabn | a|a d

040 ## - CATALOGING SOURCE

  • Original cataloging agency: NUST
  • Transcribing agency: NUST

100 ## - HEADING--PERSONAL NAME

  • Personal name: Perl, Anthony,
  • Dates associated with a name: 1962-

670 ## - SOURCE DATA FOUND

  • Source citation: Work cat.: (NUST)0: Gilbert, Richard, 1940- 847, Transport revolutions :, 2010
© 2023 Central Library, National University of Sciences and Technology. All Rights Reserved.